BIBLIOTHÈQUE DE LA MAISON DU MEXIQUE

Logo 1 Logo 2

Mil y un sonetos mexicanos del siglo XVI al XX (notice nᵒ 11844)

détails MARC
000 -Sello discográfico
campo de control de longitud fija 00855nam a2200289 4500
005 - Identificación de versión
campo de control 20251017062905.0
035 ## - Otros números de control del sistema
Número de control del sistema 6893
099 ## - fechas locales
Tipo de ítem Koha LIBRO
100 ## - Datos de procesamiento general
Datos de procesamiento general 20040929d19651963m y1spay5003 ba
105 ## - Campo de datos codificados: Material textual, monográfico
Datos codificados de monografía y 001gy
200 1# - Título y mención de responsabilidad
Título propio Mil y un sonetos mexicanos del siglo XVI al XX
Designación general del material texto impreso
Primer mención de responsabilidad Selección y nota preliminar Salvador Novo
205 ## - Declaración de edición
Declaración de edición 2a ed
210 ## - Publicación, distribución, etc.
Lugar de publicación, distribución, etc. México
Nombre del editor, distribuidor, etc. Editorial Porrúa
Fecha de publicación, distribución, etc. 1965
215 ## - Descripción física
Designación de material específico y extensión del ítem XI, 253 p
Dimensiones 22 cm
345 ## - Nota de información de adquisición
Fuente de adquisición/dirección de la suscripción [OBSOLETO] Donación
410 #1 - Series
Título Colección "Sepan Cuantos ..."
Número de volumen 18
606 ## - Término temático usado como materia
Elemento de entrada Poesía mexicana
Subdivisión temática Colecciones
Número Koha 3597
660 ## - Código de área geográfica
Código MX
702 ## - Nombre personal - Responsabilidad secundaria
Elemento de entrada Novo López
Parte del nombre distinta del elemento de entrada Salvador
Fechas 1904-1974
Número Koha 2007
801 #0 - Fuente de origen
Agencia cm
900 ## -
-- 1/8179
900 ## -
-- 7100419945\290904
942 ## - ELEMENTOS DE ENTRADA SECUNDARIOS (KOHA)
Tipo de ítem Koha Livre
996 ## -
-- MEX
-- 751145101
-- MMAG
-- 012318
-- 080 S479 V.18
-- 20250203LIV
Exemplaires
Estatus retirado Estado de daño Estado de pérdida Fecha de adquisición Biblioteca de origen Biblioteca actual Ubicación en estantería Código de barras Precio de reemplazo Signatura topográfica completa No para préstamo Tipo de ítem Koha Nota pública Nota no pública
      05/08/2025 Casa México Paris Casa México Paris   012318 05/08/2025 080 S479 V.18   Livre 20250203LIV 751145101